| 000 | 00000nam##2200000za#4500 |
| 001 | 9.643118 |
| 003 | CaOODSP |
| 005 | 20210624224024 |
| 007 | cr ||||||||||| |
| 008 | 150407|2002||||xxc|||||o f|0| 0 fre|d |
| 040 | |aCaOODSP|bfre |
| 043 | |an-cn--- |
| 086 | 1 |aEn14-166/2002F-PDF |
| 110 | 1 |aCanada.|bEnvironnement Canada. |bDirection des systèmes de transport. |
| 245 | 10|aRéponses aux observations relatives au règlement proposé sur les émissions des véhicules routiers et de leurs moteurs |h[ressource électronique] |
| 260 | |aOttawa - Ontario : |bEnvironnement Canada. |cDécembre 2002. |
| 300 | |a78p.|bgraphiques, tableaux |
| 590 | |a14-21-Supp|b2014-12-11 |
| 691 | 07|aAutomobile|2gcpds |
| 691 | 07|aÉmission atmosphérique|2gcpds |
| 691 | 07|aTransport|2gcpds |
| 775 | 08|tReply to comments on the proposed On-Road Vehicle and Engine Emission Regulations |w(CaOODSP)9.699081 |
| 856 | 40|ahttp://publications.gc.ca|qPDF|s209 Ko|uhttps://publications.gc.ca/collections/collection_2014/ec/En14-166-2002-fra.pdf |